000 00466nam a2200169Ia 4500
003 GCL
008 140319s9999 xx 000 0 ara d
040 _aGCL /
_cGCL
082 0 4 _a813
_bع ص
100 1 _aعبدالملك مرتاحى
245 1 0 _aصوت الكهف رواية /
_cعبدالملك مرتاحى
260 _a[S.N] :
_bدار الحداثة ،
_c1986
300 _a215
490 _a
650 0 4 _aالقصص العربية
942 _2ddc
_cBK
999 _c53093
_d53093